| 000 | 01564nam0a2200313 4500 | ||
|---|---|---|---|
| 001 | RU\NLR\bibl\2043127 | ||
| 005 | 20250616220445.0 | ||
| 010 |
_a978-5-7451-0020-6 _9500 |
||
| 035 | _a(NLR Aleph) 002030381 | ||
| 090 |
_a4547612 _c4547612 |
||
| 100 | _a20130613d2007 |||y0rusy50 ca | ||
| 101 | 0 | _arus | |
| 102 | _aRU | ||
| 105 | _ac ||||||||| | ||
| 200 | 1 |
_aВсе происходит так... _e(сборник пьес) _fВ. Синакевич, В. Сквирский |
|
| 210 |
_aСанкт-Петербург _cАрт-Студия "Концерт" _d2007 |
||
| 215 |
_a757, [1] с. _cпортр. _d22 |
||
| 300 | _aНа 5-й с. 2-й авт.: Сквирский В.Я., акад., лауреат премии им. Людвига Нобеля | ||
| 327 | 0 | _aСодерж.: Две царицы; Дикий; Приключения мотоциклиста [и др.] / В. Синкевич. Зверь / В. Синкевич, М. Гиндин. Джотто; Тест; На обочине [и др.] / В Сквирский. Гений; Зачем нужна война? Пробуждение; Три брата / В. Сикевич, В. Сквирский | |
| 686 | _aШ6(2=Р)8-62 | ||
| 700 | 1 |
_aСинакевич _bВ. С. _f1934- _gВладимир Сергеевич _4070 |
|
| 701 | 1 |
_aСквирский _bВ. Я. _f1935- _gВениамин Яковлевич _4070 |
|
| 801 | 0 |
_aRU _bNLR _c20130613 _gRCR |
|
| 801 | 1 |
_aRU _bNLR _c20130613 |
|
| 830 | _aавт. по кн. | ||
| 942 | _cBOOK | ||
| 980 | _aNB | ||